Statistics for Name an Applicable Pokemon

Click here to take the quiz!

General Stats

  • This quiz has been taken 50 times
  • The average score is 11 of 15

Answer Stats

HintAnswer% Correct
Grass Starter Final EvolutionVenusaur | Meganium | Sceptile | Torterra | Serperior | Chesnaught | Decidueye
100%
Normal/Fairy Dual-TypeJigglypuff | Wigglytuff | Igglybuff | Azurill | Mega Audino
86%
Evolved by a water stonePoliwrath | Cloyster | Starmie | Vaporeon | Ludicolo | Simipour
86%
Gen 3 Ghost TypeShuppet | Banette | Dusclops | Duskull | Dusclops | Shedinja | Sableye
79%
Electric Type Immune to GroundTynamo | Eelektrik | Eelektross | Zapdos | Rotom | Emolga | Thundurus | Oricorio
79%
150+ HP Base StatBlissey | Chansey | Wobbuffet | Wailord | Snorlax | Slaking | Drifblim | Giratina
76%
Genderless Starting with "P"Palkia | Pheromosa | Phione | Poipole | Porygon
76%
Can Learn "Spore"Paras | Parasect | Shroomish | Foongus | Amoongus | Morelull | Shiinotic | Smeargle
76%
Starts with a "Q"Quagsire | Quilava | Quilladin | Qwilfish
76%
Gen 2 Pink Color GroupCleffa | Igglybuff | Flaaffy | Hoppip | Slowking | Snubbull | Corsola | Smoochum | Miltank | Blissey
74%
Unique Dual-TypeDiggersby | Bibarel | Drampa | Hawlucha | Marshadow | Crabominable | Stunfisk | Terrakion | Nihilego | Tyranitar | Shedinja | Giratina | Mimikyu | Magcargo | Heatran | Volcanion | Empoleon | Torterra | Rotom | Froslass | Mega Altaria
69%
Sheer Force AbilityNidoking | Nidoqueen | Krabby | Kingler | Tauros | Totodile | Croconaw | Feraligatr | Steelix | Makuhita | Hariyama | Mawile | Mega Camerupt | Trapinch | Bagon | Cranidos | Rampardos | Timburr | Gurdurr | Conkeldurr | Darmanitan | Druddigon | Rufflet | Braviary | Landorus | Toucannon
62%
Receives 4x Damage from PoisonCottonee | Whimsicott | Morelull | Shiinotic | Tapu Bulu
55%
Base Speed Stat 10 or lessTrapinch | Bonsly | Ferroseed | Shuckle | Munchlax | Pyukumuku
55%
Gen 4 + Begins and Ends with Same LetterPiplup | Prinplup | Mothim | Shellos | Rhyperior | Electivire
52%

Score Distribution

Percentile by Number Answered

Percent of People with Each Score

Your Score History

You have not taken this quiz